000 00513nam a2200181Ia 4500
008 180910s9999 xx 000 0 und d
100 _aKitayama, Shinobu.
245 _aJournal of Personalilty and Social Psychology /
245 _cShinobu, Kitayama.
260 _bUSA
260 _c2018
300 _apages 1-194, January 2018
440 _aJournal of Personalilty and Social Psychology
_v144:1
650 _aPeriodicals.
650 _aPersonality.
650 _aSocial Psychology.
650 _aTraits.
999 _c358728
_d358728